| 000 | 01116nam a2200349Ia 4500 | ||
|---|---|---|---|
| 999 |
_c200429470 _d47394 |
||
| 001 | 41141043 | ||
| 003 | TR-AnTOB | ||
| 005 | 20230713114428.0 | ||
| 007 | ta | ||
| 008 | 990409s1998 tu b 000 0 tur d | ||
| 020 | _a9753161425 | ||
| 040 |
_aOSU _cTR-AnTOB _dBGZ _beng _erda |
||
| 041 | 0 | _atur | |
| 043 | _aa-tu--- | ||
| 049 | _aBGZA | ||
| 050 | _aDR477 | ||
| 090 |
_aDR477 _b.D54 1998 |
||
| 100 | 1 |
_aDilan, H. Berke _4author _914277 |
|
| 245 | 1 | 0 |
_aTürkiye'nin dış politikası : _b1923-1939 / _cHasan Berke Dilan. |
| 246 | 1 | 4 | _aAtatürk dönemi Türkiye'nin dış politikası, 1923-1939 |
| 264 |
_aİstanbul : _bAlfa Basım Yayım Dağıtım, _c1998. |
||
| 300 |
_axi, 215 p. ; _c20 cm. |
||
| 336 |
_2 rdacontent _atext _btxt |
||
| 337 |
_2 rdamedia _aunmediated _bn |
||
| 338 |
_2 rdacarrier _avolume _bnc |
||
| 490 | 0 |
_aAlfa ; _vyayın no. 492. _aTarih dizisi ; _vno. 17 |
|
| 500 | _a"Yayın no. 492"--Verso of t.p. | ||
| 651 | 7 |
_aTürkiye _xDış ilişkiler _y1918-1960 _2etuturkob _945023 |
|
| 651 | 0 |
_aTürkiye _xSiyaset ve yönetim _y1918-1960 _986916 |
|
| 942 |
_2lcc _cBK |
||